Дело об изданных от Святейшего Синода Кратком иностранном катехизисе и Краткой священной истории

RUSMARC
00005647cmc2a2200000 x 450
001f0cf779c-3b59-4b3d-86f3-986a25cbcf06
00520160331161922.0
100##$a20150831l18281828k l0rusy0189 ca
1010#$arus
102##$aRU
2001#$aДело об изданных от Святейшего Синода Кратком иностранном катехизисе и Краткой священной истории
$e13 сентября - 4 октября 1828 г.
$j1828
251##$cДело
300##$aОригинальный заголовок дела: О изданных от Святейшего Синода кратком и пространном Катехизисе и Краткой священной истории : начато 13 сентября - кончено 4 октября 1828 г.
300##$aРукописный текст. Чернила
801#0$aRU
$bРГИА
$c20150831
801#1$aRU
$bГлавНИВЦ
$c20150831
$2rusmarc
801#2$aRU
$bПБ им. Б.Н. Ельцина
$c20151215
$gRCR
$2rusmarc
850##$aФедеральное казенное учреждение "Российский государственный исторический архив" (РГИА)
852##$aРГИА
$j134
937##$hРГИА
$d12092316
$aASBIBLIO_SCAN
462#0$1001a9fc4311-d96c-4d89-aedd-b49335c2f336
$12001
$aДела Хозяйственного отделения Департамента народного просвещения за 1824-1832 гг.
$vД. 134
$1251
$cОпись
$1852
$j103
461#0$1001a74412a3-3cc5-4d21-8f0a-dfe2fbd9e72d
$12001
$aДепартамент народного просвещения Министерства народного просвещения
$1251
$cФонд
$1852
$j733
215##$a81 лист
$d36,5х26 см
371##$aДокумент не является опубликованным и широко распространяемым
105##$ay###
1222#$ad18280913##
$ad18281004##
035##$af0cf779c-3b59-4b3d-86f3-986a25cbcf06
5171#$aО изданных от Святейшего Синода кратком и пространном Катехизисе и Краткой священной истории
$eначато 13 сентября - кончено 4 октября 1828 г.
60102$2nlr_sh1
$3RU\NLR\AUTH\661294862
$aМосковская синодальная типография
$jДокументы и материалы
6061#$2nlr_sh1
$3RU\NLR\AUTH\66223789
$aИздательское дело
$jДокументы и материалы
$yРоссия
$z19 в.
605##$2acquisition_Prlib
$3DITM\AF\0000002775
$aВласть
$lколлекция
605##$aСинод в истории российской государственности
$lколлекция
$2acquisition_prlib
$3LIBNET\UAF\0000061920
686##$2rubbk
$a63.3(2)52ю1
$vLBC/M
686##$a86.372.24-353ю1
$vLBC/M
$2rubbk
8564#$uhttp://www.prlib.ru/Lib/pages/item.aspx?itemid=136921
Формат отображения